| 000 | 01308nam a22002057a 4500 | ||
|---|---|---|---|
| 999 |
_c64043 _d64043 |
||
| 003 | Ge_BSU | ||
| 005 | 20260316113447.0 | ||
| 008 | 260316s1971 ge ||||| |||| 00| 0 geo d | ||
| 041 | _ageo | ||
| 080 | _a330.8 ჭ-17 | ||
| 100 |
_aჭანუყვაძე, გივი _927139 |
||
| 245 |
_aთანამედროვე ანტიმარქსისტული ეკონომიკური თეორიების კრიტიკა : _bპარტიული სწავლების უმაღლესი რგოლის მსმენელთა დასახმარებლად / _cგივი ჭანუყვაძე, რევაზ კაკულია, იგორ კრავცოვი. |
||
| 264 |
_aთბილისი : _bსაბჭ. საქართველო, _c1971. |
||
| 300 |
_a115 გვ. ; _b20 სმ. |
||
| 504 | _aბიბლიოგრაფია ყოველი თავის შემდეგ. | ||
| 653 | _aანტიმარქსისტული ეკონომიკური თეორიები | ||
| 700 |
_aკაკულია, რევაზ _eავტორი _9751 |
||
| 700 |
_aკრავცოვი, იგორ _eავტორი _927140 |
||
| 942 |
_2udc _cᲬᲘᲒᲜᲘ |
||